MARC
| LEADER | 000000am a2200000 a 4500 | ||
|---|---|---|---|
| 005 | 20230308174920.0 | ||
| 008 | 000000| ||||||||r|||||||||||spa|| | ||
| 040 | |b spa | ||
| 041 | 0 | |a Es | |
| 082 | 0 | |a 75 |b P486p | |
| 100 | 1 | |a Picaso, Pablo |9 80774 | |
| 245 | 1 | 1 | |a Pablo Picaso |h imp |
| 264 | |b Oceano | ||
| 300 | |a 60páginas: | ||
| 852 | |a UC-YANUNCAY |f Canje |k jhoanna.mogollon |l 1 |m General |p 00000000 |b 0 |d CDRY |e CDRY |g 75 P486p |z 0000-00-00 | ||
| 942 | |c BK | ||
| 999 | |c 48226 |d 48226 | ||